Vista normal Vista MARC

Entrada Materia (tema)

Número de registros utilizados en: 5

001 - CONTROL NUMBER

  • control field: 91289

003 - CONTROL NUMBER IDENTIFIER

  • control field: Co-BoUCM

005 - DATE AND TIME OF LATEST TRANSACTION

  • control field: 20180212104507.0

008 - FIXED-LENGTH DATA ELEMENTS

  • fixed length control field: 180212|| aca||aabn | a|a d

040 ## - CATALOGING SOURCE

  • Original cataloging agency: Co-BoUCM
  • Transcribing agency: Co-BoUCM

150 ## - HEADING--TOPICAL TERM

  • Topical term or geographic name as entry element: Filosofía
  • General subdivision: Obras anteriores a 1800

670 ## - SOURCE DATA FOUND

  • Source citation: Work cat.: (Co-BoUCM)167878: Tomás de Aquino Santo 1225-1274 859, Tomus Decimusseptimus. D. Thomae Aquinatis ... Opuscula omnia complectens ... Quibus adiunximus Opusculum de Eruditione Principis, antehac nunquam impresum ; Complectitur insuper scriptum secundum ... super Quatuor libros Sententiarum., 1570